000 00243nam a22000977a 4500
999 _c515608
_d515608
082 _aTNC N3x54 T516
100 _aNath, Trilok
_921298
245 _aIndian police in action
_cby Trilok Nath
260 _aNew Delhi
_bSuper
_c1984
300 _a130p.